000 00937nam a2200361Ia 4500
001 7749
005 20240113234032.0
007 ta
008 050712s1991 a g b000 u asm u
020 _cRs. 14.00 (Hard)
040 _aCotton College,Assam
041 _aasm
082 _a891.41408
_bBa 23 Ar
100 _aBarua, Paban Kr. .
245 0 _aArunoday Aru Anandaramar Gadya /
_cPaban Kr. Barua.
_hTextual Documents
250 _a1st ed. /
260 _aGuwahati :
_bCharu Prakashan ,
_c1991.
300 _a83p. :
_bill ;
_c21cm .
365 _aRs. 14.00
653 _aAssamese Essays-Collections
653 _aPG-Assamese
653 _aT/G-Assamese Literature
653 _aT/G-Assamese
653 _aT/G-Assamese
942 _2ddc
_cBK
999 _c7736
_d7736